000 004800000a22001690004500
041 0 _aENG
082 0 4 _aG 301.1107 F6482g
100 1 _aFlynn, Elizabeth W.
245 1 0 _aGroup discussion : As learning process. A guidebook / Elizabeth W. Flinn, John F. La Faso
260 _aNew York, N.Y., USA : Paulist
300 _a111 Pag
001 9232
942 _cBK
999 _c39294
_d39294
336 _atexto
_btxt
_2rdacontent
337 _2rdamedia
_asin mediación
_bn
338 _2rdacarrier
_avolumen
_bnc